000
00323nam a2200133Ia 4500
008
241014s9999||||xx |||||||||||||| ||und||
020
_a
0-071370501
060
_a
V 2002
100
_a
Vogelstein, Bert.
245
4
_a
The Genetic Basis of Human Cancer.
250
_a
2nd
260
_b
McGraw-Hill
_c
2002
942
_b
DIMC
_c
BK
999
_c
6474
_d
6474